| 000 | 01042nam2a22002531 4500 | ||
|---|---|---|---|
| 001 | rc\2593499 | ||
| 005 | 20250530042836.0 | ||
| 021 |
_aRU _bРг1232-77 |
||
| 035 | _a(NLR Aleph) 007217733 | ||
| 090 |
_a7687833 _c7687833 |
||
| 100 | _a20120127d1976 |||y0rusy50 ca | ||
| 101 | 0 | _arus | |
| 102 | _aRU | ||
| 105 | _ay z ||||| | ||
| 200 | 0 | _a№ 7 | |
| 210 |
_d1976 _aБ. м. |
||
| 215 |
_a16, [18] с. _d29 |
||
| 300 | _aСост. установлен по предыдущим выпускам | ||
| 461 | 0 |
_1001rc\2593493 _12001#$v№ 7 _95811443 _aТопорова, М.Б. _cЛенинград _d1929 _fМ. Б. Топорова _nИн-т Охраны здоровья детей и подростков _o(Опыт построения) : Строение тела. Темперамент. Среда _p117 с. _tКонституциональная характерология детства и юношества _v№ 7 |
|
| 801 | 0 |
_aRU _bNLR _gpsbo |
|
| 801 | 1 |
_aRU _bELAR _2rusmarc |
|
| 852 |
_aNLR _jПт 10.1/771 |
||
| 942 | _cBOOK | ||
| 980 | _aNB | ||